Deepest lakes by continent - Statistics

General Stats
  • This quiz has been taken 17 times
  • The average score is 5 of 18
Answer Stats
Continent Depth in metres Answer % Correct
Asia 1642 Baikal
100%
Africa 1470 Tanganyika
81%
Asia 1025 Caspian
75%
North America 614 Great Slave
63%
Africa 706 Malawi
63%
North America 594 Crater
44%
South America 586 General Carrera / Buenos Aires
13%
Oceania 444 Manapouri
13%
Oceania 425 Te Anau
13%
Oceania 462 Hauroko
6%
Europe 514 Hornindalsvatnet
6%
Asia 669 Issyk-Kul
6%
Africa 480 Kivu
6%
South America 836 O'Higgins / San Martin
6%
North America 511 Quesnel
6%
Europe 482 Salvatnet
6%
Europe 460 Tinn
6%
South America ca. 900 Viedma
6%
No matching quizzes found
Score Distribution
Percent of People with Each Score
Percentile by Number Answered
Your Score History
You have not taken this quiz